000 00346nam a2200121Ia 4500
008 230907s9999||||xx |||||||||||||| ||und||
082 _a501.51
_bGON
100 _aGonnet, G. H.
_9115891
245 0 _aScientific computation /
260 _aCambridge University Press,
_bCambridge, UK ; | New York :
_c2009
300 _axii, 236 p. :
942 _cBK
999 _c600077
_d600077